UM Logo

Wireless energy trading in traffic internet / (Record no. 19133)

MARC details
000 -LEADER
fixed length control field 00893nam a22002177a 4500
003 - CONTROL NUMBER IDENTIFIER
control field OSt
005 - DATE AND TIME OF LATEST TRANSACTION
control field 20250913144639.0
008 - FIXED-LENGTH DATA ELEMENTS--GENERAL INFORMATION
fixed length control field 240214b ||||| |||| 00| 0 eng d
040 ## - CATALOGING SOURCE
Transcribing agency 0
082 ## - DEWEY DECIMAL CLASSIFICATION NUMBER
Classification number DPer 621.381 In821 April 2022 v. 37 n. 4
100 ## - MAIN ENTRY--PERSONAL NAME
Personal name Liu, Wei.
Relator term author.
9 (RLIN) 52301
245 ## - TITLE STATEMENT
Title Wireless energy trading in traffic internet /
Statement of responsibility, etc. Wei Liu, K. T. Chau, Calvin C. T. Chow, and Christopher H. T. Lee.
260 ## - PUBLICATION, DISTRIBUTION, ETC. (IMPRINT)
Place of publication, distribution, etc. New York ;
Name of publisher, distributor, etc. The Institute of Electrical and Electronics Engineers, Inc. ,
Date of publication, distribution, etc. April 2022.
300 ## - PHYSICAL DESCRIPTION
Extent Volume 37, pages 4831-4841 :
Other physical details illustration ;
Dimensions 28 cm.
500 ## - GENERAL NOTE
General note IEEE Transaction on Power Electronics, vol. 37, no. 4, pages 4831-4841, April 2022.
700 ## - ADDED ENTRY--PERSONAL NAME
Personal name Liu, Wei.
Relator term author.
9 (RLIN) 52301
700 ## - ADDED ENTRY--PERSONAL NAME
Personal name Chau, K. T.
Relator term author.
9 (RLIN) 52302
700 ## - ADDED ENTRY--PERSONAL NAME
Personal name Chow, Calvin C. T.
Relator term author.
9 (RLIN) 52303
700 ## - ADDED ENTRY--PERSONAL NAME
Personal name Lee, Christopher H. T.
Relator term author.
9 (RLIN) 52304
942 ## - ADDED ENTRY ELEMENTS (KOHA)
Source of classification or shelving scheme Dewey Decimal Classification
Koha item type Periodicals
Holdings
Withdrawn status Lost status Source of classification or shelving scheme Damaged status Not for loan Collection code Home library Current library Date acquired Total Checkouts Full call number Date last seen Price effective from Koha item type Public note
    Dewey Decimal Classification     Periodicals UM Digos College - LIC UM Digos College - LIC 02/14/2024   DPer 621.381 In821 April 2022 v. 37 n. 4 02/14/2024 02/14/2024 Periodicals Periodical Article